| 000 | 00996nac a22003371u 4500 | ||
|---|---|---|---|
| 003 | EG-ScBUE | ||
| 005 | 20221004110727.0 | ||
| 008 | 221004s2004 ko a f 000 0 eng d | ||
| 020 | _a8957700382 (v.1) | ||
| 020 | _a978897700754 (v.3) | ||
| 020 | _a8957700757 (v.3) | ||
| 020 | _a9788957700570 (v.2) | ||
| 020 | _a8957700579 (v.2) | ||
| 020 | _a9788957700389 (v.1) | ||
| 020 | _a8957700374 | ||
| 040 |
_aEG-ScBUE _beng _erda _cEG-ScBUE _dEG-ScBUE |
||
| 041 | 0 |
_aeng _akor |
|
| 082 | 0 | 4 |
_a712 _222 _bENV |
| 100 | _a20080729 | ||
| 245 | 0 | 0 | _aEnvironment & landscape. |
| 246 | 3 | _aEnvironment and landscape | |
| 264 | 1 |
_aSeoul, Korea : _bArchiworld, _c2004. |
|
| 300 |
_a3 volumes : _bcolor illustrations ; _c31 cm |
||
| 505 | _aVolume 1 -- Volume 2 -- Volume 3. | ||
| 546 | _aText in Korean and English. | ||
| 650 | 7 |
_aLandscape architecture. _2BUEsh |
|
| 650 | 7 |
_aLandscape design. _2BUEsh |
|
| 653 | _bART | ||
| 655 | _vReading book | ||
| 942 |
_cBB _k712 _2ddc |
||
| 999 |
_c3125 _d3125 |
||